[Event "BEM-ch U18"]
[Site "Tamm"]
[Date "2000.01.29"]
[Round "3"]
[White "Graf, Benjamin"]
[Black "Schatz, Michael"]
[Result "1-0"]
[WhiteElo "1697"]
[BlackElo "923"]
[PlyCount "81"]
[EventDate "2000.01.22"]
[EventType "swiss"]
[EventRounds "5"]
[EventCountry "GER"]
[SourceTitle "EXT 2003"]
[Source "ChessBase"]
[SourceDate "2002.11.25"]
[SourceVersion "1"]
[SourceVersionDate "2002.11.25"]
[SourceQuality "1"]

1. d4 e6 2. c4 d5 3. Nc3 Bd7 4. e3 Bb4 5. a3 Bxc3+ 6. bxc3 Nf6 7. Nf3 Nc6 8. Bd3 Ne4 9. Qc2 f5 10. 0-0 Ng5 11. Nxg5 Qxg5 12. e4 Qf6 13. exd5 exd5 14. cxd5 Ne7 15. Qb3 b6 16. Bf4 c6 17. Rfe1 cxd5 18. Qxd5 Rc8 19. Bd6 Bc6 20. Qxf5 0-0 21. Qxf6 Rxf6 22. Bxe7 Rf7 23. Bc4 b5 24. Bxf7+ Kxf7 25. Rac1 Bd5 26. Bb4 Rc6 27. Re7+ Kg8 28. Rxa7 Re6 29. f3 Re2 30. a4 Bc4 31. axb5 Bxb5 32. c4 Be8 33. d5 Rb2 34. Ba3 Rd2 35. d6 Bc6 36. Rc7 Ba4 37. c5 Rd3 38. Bb4 Kf8 39. c6 Rd4 40. d7+ Rxb4 41. d8Q# 1-0